|
|
|
|
| LEADER |
00000nac a2200000 i 4500 |
| 003 |
eccuu |
| 005 |
20230929062644.0 |
| 008 |
008121|20172004ec |||||r|||||||||||spa|| |
| 020 |
|
|
|a 978-9978-84-964-4
|
| 040 |
|
|
|b spa
|a eccuu
|c eccuu
|e rda
|
| 041 |
|
|
|a spa
|
| 082 |
0 |
|
|a 986.6
|2 22
|c 36392319
|
| 100 |
1 |
|
|a Ayala Mora, Enrique.
|d 1950-
|e autor
|9 248
|
| 245 |
|
|
|a Ecuador patria de todos:
|b identidad nacional, interculturalidad e integración /
|c Manuel Enrique Alejandro Ayala Mora.
|
| 250 |
|
|
|a Quinta edición:
|
| 264 |
|
1 |
|a Quito:
|b Corporación Editora Nacional,
|b Universidad Andina Simón Bolivar,
|c 2017.
|
| 300 |
|
|
|a 268 páginas:
|c 20 cm
|b ilu
|
| 490 |
|
|
|a Temas
|n Volumen 19
|
| 504 |
|
|
|a incl. bibind.
|
| 505 |
1 |
|
|a Ecuador nuestro escenario -- Las dimensiones de la diversidad -- Diversidad y unidad -- Ecuador: unidad en la diversidad -- Un país multiétnico y pluricultural -- Un país regionalizado -- Diversidad de religión y de pensamiento -- País rico, pueblo pobre -- Una sociedad organizada -- Ecuador y su identidad -- La nación ecuatoriana -- ¿Qué mes ser ecuatoriano? -- Democracia y derechos ciudadanos -- El estado ecuatoriano. La comunidad internacional -- Organización del estado ecuatoriano -- Ecuador en el escenario internacional -- Una nación con futuro.
|
| 650 |
1 |
0 |
|a Historia ecuatoriana
|9 243
|
| 650 |
1 |
7 |
|a Etnias
|9 23988
|
| 650 |
1 |
7 |
|a Pluriculturalidad
|9 116349
|
| 852 |
|
|
|a UC-CDJBV
|
| 942 |
|
|
|c CR
|2 ddc
|z jenny.perez@ucuenca.edu.ec
|
| 999 |
|
|
|c 162034
|d 162034
|